Catalog

Record Details

Catalog Search



Nevejdou otroci do ráje  Cover Image Book Book

Nevejdou otroci do ráje / Grigorij Kanovič ; [přeložila Jana Mertinová]

Record details

  • ISBN: 80-900733-2-8
  • Physical Description: 233 s. ; 22 cm
  • Edition: Vyd. 1.
  • Publisher: Praha : Alternativa, 1992

Content descriptions

General Note:
Přeloženo z ruštiny
Genre: romány

Available copies

  • 1 of 1 copy available at Common Catalog SPOK.

Holds

  • 0 current holds with 1 total copy.
Show All Copies
Location Call Number / Copy Notes Barcode Shelving Location Status Due Date
The Jewish community of Prague K 3961 4638304822 K - Beletrie Available -

Electronic resources

Version of Resource: Digitalizovaný dokument


LDR 01009nam a2200313 a 4500
00157395
003CZ-PrJAB
00520110922093435.0
007ta
008940120s1992 xr 000 1 cze
015 . ‡acnb000071430
020 . ‡a80-900733-2-8 ‡q(váz.) : ‡cKčs 56,00
035 . ‡a(CZ PrNK)np9303888
035 . ‡a(OCoLC)39564197
040 . ‡aABA001 ‡bcze
0411 . ‡acze ‡hrus
080 . ‡a888.2-31 ‡2undef
1001 . ‡aKanovičius, Grigorijus, ‡d1929-2023 ‡7jn20020126010 ‡4aut
24510. ‡aNevejdou otroci do ráje / ‡cGrigorij Kanovič ; [přeložila Jana Mertinová]
250 . ‡aVyd. 1.
260 . ‡aPraha : ‡bAlternativa, ‡c1992
300 . ‡a233 s. ; ‡c22 cm
500 . ‡aPřeloženo z ruštiny
655 7. ‡aromány ‡7fd133289 ‡2czenas
7001 . ‡aMertinová, Jana, ‡d1952- ‡7jk01081308 ‡4trl
7650 . ‡tI net rabam raja ‡9Česky
85641. ‡uhttp://krameriusndk.nkp.cz/search/handle/uuid:0f8ae960-984a-11e2-9a9f-005056827e51 ‡yDigitalizovaný dokument
910 . ‡aABE461
995 . ‡aska
901 . ‡a57395 ‡bAUTOGEN ‡c57395 ‡tbiblio

Additional Resources